| 000 | 00751nam a22002057a 4500 | ||
|---|---|---|---|
| 999 |
_c7881 _d7881 |
||
| 003 | AR-CdUCM | ||
| 008 | 190321b ||||| |||| 00| 0 spa d | ||
| 020 | _a9972-33-063-X | ||
| 040 |
_aMUNICIPALIDAD PROVINCIAL DEL CUSCO _cBIBLIOTECA MUNICIPAL DEL CUSCO |
||
| 082 |
_a546 / _bG40 |
||
| 100 |
_aGutiérrez Samanez, Julio Antonio _922285 |
||
| 245 | _aSistema periódico armónico y leyes genéticas de los elementos químicos / | ||
| 260 |
_aCusco : _bGutierrez Samanez ediciones, _c2004. |
||
| 300 |
_a109 paginas ; _c29 cm. |
||
| 505 | _aContenido :Sistema periódico armónico y leyes genéticas de los elementos químicos. | ||
| 650 |
_aElementos químicos _93282 |
||
| 650 |
_aTabla periódica _922286 |
||
| 942 |
_2ddc _cLIBROS |
||
| 945 | _arum | ||